| 000 | 00762 a2200193 4500 | ||
|---|---|---|---|
| 020 | _a0198530846 | ||
| 020 | _a9780198530848 | ||
| 082 | 0 | 4 | _a620.1 |
| 090 |
_c524 _d524 |
||
| 100 | 1 | _aNovotny, Antonin. | |
| 245 | 1 | 0 |
_aIntroduction to the mathematical theory of compressible flow / _cAntonin Novotny, Ivan Straskraba. |
| 260 |
_a[S.l.] : _bOxford University Press, USA, _c2004. |
||
| 300 |
_a528 p. ; _c24 cm. |
||
| 490 | 1 | _aOxford lecture series in mathematics and its applications, 27. | |
| 700 | 1 | _aStraskraba, Ivan. | |
| 830 | 0 | _aOxford lecture series in mathematics and its applications, 27. | |
| 942 |
_aSNS _cBK _k620.1 NOV |
||
| 999 |
_c29154 _d29154 |
||